Procedimiento y justicia administrativa en América Latina
Kaydedildi:
| Materyal Türü: | Bilinmiyor |
|---|---|
| Dil: | Spanish |
| Baskı/Yayın Bilgisi: |
México:
Fundación Konrad Adenauer
|
| Etiketler: |
Etiketle
Etiket eklenmemiş, İlk siz ekleyin!
|
MARC
| LEADER | 00000 a2200000 04500 | ||
|---|---|---|---|
| 001 | 44878 | ||
| 003 | cru CIDCACS/IIS | ||
| 005 | 20170313095437.0 | ||
| 008 | 050701s2009 mx spa d | ||
| 020 | |a [sin ISBN] | ||
| 040 | |c CIDCACS/IIS | ||
| 090 | |a 04.03.02 P963p | ||
| 245 | |a Procedimiento y justicia administrativa en América Latina | ||
| 260 | |a México: |b Fundación Konrad Adenauer | ||
| 300 | |a 501 páginas | ||
| 942 | |2 ddc |c LI | ||
| 999 | |c 11193 |d 11193 | ||
